000 00319nam a2200121Ia 4500
008 190216s9999||||xx |||||||||||||| ||und||
100 _aSubash Sathesh & Sindhwani
245 0 _aChemical Kinetics And Catalysis
260 _bJaiprakash Nath &co
_c1978
300 _a170p
650 _aChemistry-Chemistry
942 _cBK
999 _c2227
_d2227